| 000 | 01584nam0a2200385 4500 | ||
|---|---|---|---|
| 001 | RU\NLR\b_ik\205158 | ||
| 005 | 20250613195144.0 | ||
| 010 |
_a978-5-93962-508-1 _93000 |
||
| 021 |
_aRU _b2013-73126 _95014 |
||
| 035 | _a(NLR Aleph) 010000926 | ||
| 090 |
_a9793600 _c9793600 |
||
| 100 | _a20131014d2013 |||y0rusy50 ca | ||
| 101 | 0 | _aeng | |
| 102 | _aRU | ||
| 105 | _aac||||||||| | ||
| 200 | 9 |
_aMiracle-working icon of Our Lady of Kazan _efervent intercessor for the Christian people _f[auth.: Anatoly Mikhailovich Yeldashev, Yevgeny Vasilievich Lipakov, Dmitry Iosifovich Khafizov] |
|
| 205 | _a[Abr. ed.] | ||
| 210 |
_aKazan _cCentre for innovation technologies _d2013 |
||
| 215 |
_a245, [2] c _cил., цв. ил., портр. _d32 |
||
| 300 | _aАвт. указаны в вып. дан | ||
| 541 | 1 |
_aЧудотворная икона Казанской Божьей Матери _eЗаступница христиан |
|
| 605 |
_aИкона Божией Матери Казанская _92392920 _3RU\NLR\AUTH\661426882 |
||
| 686 | 2 | _aЭ372.24-575.114 | |
| 700 | 1 |
_6z45790 _aEldašev _bA.M. _gAnatolij Michajlovič |
|
| 701 | 1 |
_aLipakov _bE.V. _gEvgenij Vasil'evič |
|
| 701 | 1 |
_6z54790 _aChafizov _bD.I. _gDmitrij Iosifovič |
|
| 790 | 1 |
_6z45700 _aYeldashev _bA.M. _gAnatoly Mikhailovich |
|
| 790 | 1 |
_6z54701 _aKhafizov _bD.I. _gDmitry Iosifovich |
|
| 801 | 0 |
_aRU _bNLR _c20131014 _gRCR |
|
| 801 | 1 |
_aRU _bNLR _c20131014 |
|
| 942 | _cBOOK | ||
| 980 | _aNB | ||